3 Most Streamed Kanye West Songs On Each Album - Statistics

General Stats
  • This quiz has been taken 100 times
  • The average score is 25 of 42
Answer Stats
Streams Album Song % Correct
835M The College Dropout All Falls Down
95%
1.637B 808s & Heartbreak Heartless
95%
911M My Beautiful Dark Twisted Fantasy Runaway
95%
1.329B The Life of Pablo Father Stretch My Hands Pt. 1
92%
1.324B Late Registration Gold Digger
92%
1.571B Graduation Stronger
92%
1.132B Yeezus Bound 2
89%
1.345B Graduation Flashing Lights
89%
1.033B My Beautiful Dark Twisted Fantasy POWER
89%
1.610B Watch the Throne Ni**as In Paris
87%
790M My Beautiful Dark Twisted Fantasy All Of The Lights
81%
626M Ye Ghost Town
81%
912M Graduation I Wonder
81%
294M The College Dropout Jesus Walks
79%
732M Vultures 1 CARNIVAL
77%
405M The College Dropout Through The Wire
76%
771M Ye Violent Crimes
69%
416M Late Registration Touch The Sky
68%
660M Yeezus Black Skinhead
65%
469M Watch the Throne No Church In The Wild
60%
282M Watch the Throne Otis
60%
478M Jesus Is King Follow God
58%
158M Late Registration Heard 'Em Say
56%
161M Jesus Is King God Is
55%
549M Ye All Mine
53%
653M The Life of Pablo Famous
53%
219M Kids See Ghosts 4th Dimension
50%
224M Vultures 1 BURN
48%
217M 808s & Heartbreak Love Lockdown
44%
335M Kids See Ghosts Reborn
44%
210M Yeezus Blood On The Leaves
42%
486M The Life of Pablo Waves
42%
150M Vultures 2 FIELD TRIP
40%
508M Donda Praise God
40%
440M Donda Hurricane
37%
174M 808s & Heartbreak Amazing
35%
126M Jesus Is King Closed On Sunday
34%
135M Kids See Ghosts Feel The Love
24%
36M Vultures 2 530
23%
346M Donda Moon
23%
189M Vultures 1 FUK SUMN
18%
46M Vultures 2 PROMOTION
8%
No matching quizzes found
Score Distribution
Percent of People with Each Score
Percentile by Number Answered
Your Score History
You have not taken this quiz